| 000 | 00397pab a2200157 454500 | ||
|---|---|---|---|
| 008 | 180718b1985 xxu||||| |||| 00| 0 eng d | ||
| 100 | _aFoxman, Loretta D. | ||
| 245 |
_aCareer counselor _bProfessional answers to career question |
||
| 260 | _c1985 | ||
| 300 | _a21-2 | ||
| 362 | _aFeb. | ||
| 650 | _aCareer Service | ||
| 700 | _aWalter L. Pal Sky | ||
| 773 | _aPersonnel Journal | ||
| 909 | _a5145 | ||
| 999 |
_c5145 _d5145 |
||